FAKTOR WOW Muhyiddin Yassin / (Record no. 196533)

MARC details
000 -LEADER
fixed length control field 00857nam a2200253 n 4500
003 - CONTROL NUMBER IDENTIFIER
control field OSt
005 - DATE AND TIME OF LATEST TRANSACTION
control field 20240812121316.0
008 - FIXED-LENGTH DATA ELEMENTS--GENERAL INFORMATION
fixed length control field 240812s2009 my ao f 000 0bmay d
020 ## - INTERNATIONAL STANDARD BOOK NUMBER
Qualifying information paperback
040 ## - CATALOGING SOURCE
Original cataloging agency PPAK
Language of cataloging eng
Transcribing agency PPAK
Description conventions rda
082 04 - DEWEY DECIMAL CLASSIFICATION NUMBER
Edition number 23
Classification number 923.2595
090 00 - LOCALLY ASSIGNED LC-TYPE CALL NUMBER (OCLC); LOCAL CALL NUMBER (RLIN)
Classification number (OCLC) (R) ; Classification number, CALL (RLIN) (NR) 923.2595
Feature heading MHA
Feature heading KZR
100 0# - MAIN ENTRY--PERSONAL NAME
Personal name M. Hanafiah A. Samad,
Relator term author.
245 10 - TITLE STATEMENT
Title FAKTOR WOW Muhyiddin Yassin /
Statement of responsibility, etc. oleh M. HANAFIAH A. SAMAD
264 #1 - PRODUCTION, PUBLICATION, DISTRIBUTION, MANUFACTURE, AND COPYRIGHT NOTICE
Place of production, publication, distribution, manufacture Ampang, Selangor :
Name of producer, publisher, distributor, manufacturer NALURI TERATAI SDN. BHD.,
Date of production, publication, distribution, manufacture, or copyright notice 2009
300 ## - PHYSICAL DESCRIPTION
Extent 122 pages :
Other physical details colour photographs ;
Dimensions 21 x 29 cm
336 ## - CONTENT TYPE
Content type term text
Source rdacontent
337 ## - MEDIA TYPE
Media type term unmediated
Source rdamedia
338 ## - CARRIER TYPE
Carrier type term volume
Source rdacarrier
600 00 - SUBJECT ADDED ENTRY--PERSONAL NAME
Personal name Muhyiddin Haji Mohd. Yassin,
Titles and other words associated with a name Tan Sri Dato',
Dates associated with a name 1947-
650 10 - SUBJECT ADDED ENTRY--TOPICAL TERM
Topical term or geographic name entry element Ex-prime ministers
Geographic subdivision Malaysia
Form subdivision Biography
651 #0 - SUBJECT ADDED ENTRY--GEOGRAPHIC NAME
Geographic name Malaysia
Form subdivision Politics and government
942 ## - ADDED ENTRY ELEMENTS (KOHA)
Source of classification or shelving scheme Dewey Decimal Classification
Koha item type Book
Holdings
Withdrawn Not for loan Current library Shelving location Date acquired Total Checkouts Full call number Barcode Date last seen Koha item type
  Not For Loan Perpustakaan Alor Setar Koleksi Zahidi Zainol Rashid 18/08/2024   KZR 923.2595 MHA A00367628 18/08/2024 Book